Estadísticas para Libros de la Biblia (Protestante)

Haz click aquí para tomar la prueba!

Estadísticas generales

  • Esta prueba ha sido tomada 499 veces
  • La puntuación promedio es 34 de 66

Estadísticas de respuestas

Libro% Correcto
Génesis
95%
Apocalipsis
85%
1 Juan
84%
Juan
83%
Mateo
81%
Exodo
79%
Lucas
78%
Marcos
77%
Levítico
69%
Salmos
69%
Números
69%
Deuteronomio
68%
1 Pedro
64%
2 Juan
64%
Rut
62%
Romanos
60%
1 Reyes
59%
1 Corintios
59%
Job
59%
Isaias
57%
Hechos
57%
3 Juan
56%
2 Reyes
56%
Josué
56%
1 Samuel
55%
2 Pedro
52%
Judas
52%
2 Samuel
51%
Jeremías
51%
Daniel
51%
2 Corintios
51%
Proverbios
49%
Ester
49%
Jueces
49%
Ezequiel
48%
1 Tesalonicenses
46%
Malaquías
45%
Santiago
45%
Jonás
45%
Cantar de Cantares
45%
1 Crónicas
44%
2 Tesalonicenses
43%
Gálatas
43%
Zacarías
42%
Eclesiastés
41%
2 Crónicas
41%
Efesios
41%
Hebreos
40%
Nehemías
40%
Filipenses
40%
1 Timoteo
38%
Oseas
38%
Habacuc
37%
Lamentaciones
37%
Amós
37%
Tito
36%
Esdras
36%
2 Timoteo
35%
Joel
35%
Colosenses
34%
Filemón
32%
Sofonías
31%
Abdías
31%
Miqueas
30%
Nahum
29%
Ageo
27%

Distribución de puntuación

Porcentaje por número respondido

Porcentaje de gente con cada puntuación

Historial de tus puntuaciones

No has tomado esta prueba